000 00402nam a2200169Ia 4500
001 21878
003 IN-NITTTR
005 20251114233248.0
008 251113s9999||||xx |||||||||||||| ||eng||
040 _beng
040 _cIN-NITTTR
041 _aeng
082 _a658.5 H192
100 _aSalvendy, Gavriel
245 0 _aHandbook of industrial engineering. /
_cSalvendy, Gavriel
942 _2ddc
_cBK
999 _c24508
_d24508